Effective management at work

Bibliographic Details
Main Author: Parkinson, C.Northcote
Other Authors: Rustomji, M.K, Sapre, S.A
Format: Book
Published: Sinsapore : Federal Publications , 1986
Subjects:

MARC

LEADER 00000cam a2200000 7i4500
001 0000000040
005 20021115.0
020 |a 9810121164 
040 |a INS 
090 0 0 |a HD31.   |b P221 1986 
100 1 |a Parkinson, C.Northcote 
245 1 0 |a Effective management at work   |c C.Northcote Parkinson,M.K.Rustomji,S.A.Sapre 
260 |a Sinsapore :   |b Federal Publications ,   |c 1986 
300 |a iv, 140p. ;   |c 19 cm. 
650 0 0 |a Management 
700 1 |a Rustomji, M.K. 
700 1 |a Sapre, S.A. 
999 |a 0000004515   |b BOOK   |c Open Shelf   |e Default branch